LIBRARY & INFORMATION CENTRE, KCAET, TAVANUR

ONLINE PUBLIC ACCESS CATALOGUE (OPAC)

Kizhavan Gorio / (Record no. 3935)

MARC details
000 -LEADER
fixed length control field 00445cam a2200181ua 4500
041 ## - LANGUAGE CODE
Language code of text/sound track or separate title mal
082 ## - DEWEY DECIMAL CLASSIFICATION NUMBER
Classification number 894.812 308
Item number BAL/KI
100 ## - MAIN ENTRY--AUTHOR NAME
Personal name Balzac, Honore de.
245 ## - TITLE STATEMENT
Title Kizhavan Gorio /
250 ## - EDITION STATEMENT
Edition statement 1 /
260 ## - PUBLICATION, DISTRIBUTION, ETC. (IMPRINT)
Place of publication :
Name of publisher Sahitya Parishad Co Operative Society Limited ,
Year of publication 1959.
300 ## - PHYSICAL DESCRIPTION
Number of Pages 453 ; .
942 ## - ADDED ENTRY ELEMENTS (KOHA)
Koha item type Books
Holdings
Withdrawn status Lost status Damaged status Home library Current library Date acquired Full call number Accession Number Koha item type
      KAUAET KAUAET 07/04/2012 894.812 308 1515 Books
free website counter